<?xml version="1.0" encoding="UTF-8"?>
<record
    xmlns:xsi="http://www.w3.org/2001/XMLSchema-instance"
    xsi:schemaLocation="http://www.loc.gov/MARC21/slim http://www.loc.gov/standards/marcxml/schema/MARC21slim.xsd"
    xmlns="http://www.loc.gov/MARC21/slim">

  <leader>00451nam a2200181   4500</leader>
  <controlfield tag="003">SEACOMEC</controlfield>
  <controlfield tag="005">20240805124520.0</controlfield>
  <controlfield tag="008">240210b        |||||||| |||| 00| 0 eng d</controlfield>
  <datafield tag="020" ind1=" " ind2=" ">
    <subfield code="c">Rs.280.00</subfield>
  </datafield>
  <datafield tag="040" ind1=" " ind2=" ">
    <subfield code="a">SEACOMEC</subfield>
  </datafield>
  <datafield tag="082" ind1=" " ind2=" ">
    <subfield code="a">510.02462</subfield>
    <subfield code="b">R234</subfield>
  </datafield>
  <datafield tag="100" ind1=" " ind2=" ">
    <subfield code="a">Rathore,S.K.S.</subfield>
  </datafield>
  <datafield tag="245" ind1="1" ind2=" ">
    <subfield code="a">Higher engineering mathematics : Vol-3 /</subfield>
    <subfield code="c">S.K.S. Rahtore</subfield>
  </datafield>
  <datafield tag="260" ind1=" " ind2=" ">
    <subfield code="a">Pune</subfield>
    <subfield code="b">Everest</subfield>
    <subfield code="c">2006</subfield>
  </datafield>
  <datafield tag="300" ind1=" " ind2=" ">
    <subfield code="a">vol-3</subfield>
  </datafield>
  <datafield tag="650" ind1=" " ind2=" ">
    <subfield code="a"> mathematics</subfield>
  </datafield>
  <datafield tag="942" ind1=" " ind2=" ">
    <subfield code="c">BOOK</subfield>
  </datafield>
  <datafield tag="952" ind1=" " ind2=" ">
    <subfield code="0">0</subfield>
    <subfield code="1">0</subfield>
    <subfield code="2">ddc</subfield>
    <subfield code="4">0</subfield>
    <subfield code="7">0</subfield>
    <subfield code="a">SEACOMEC</subfield>
    <subfield code="b">SEACOMEC</subfield>
    <subfield code="d">2006-06-07</subfield>
    <subfield code="l">0</subfield>
    <subfield code="o">510.02462 R234</subfield>
    <subfield code="p">02335</subfield>
    <subfield code="r">2024-08-05 12:46:19</subfield>
    <subfield code="w">2024-08-05</subfield>
    <subfield code="y">BOOK</subfield>
  </datafield>
  <datafield tag="952" ind1=" " ind2=" ">
    <subfield code="0">0</subfield>
    <subfield code="1">0</subfield>
    <subfield code="2">ddc</subfield>
    <subfield code="4">0</subfield>
    <subfield code="7">0</subfield>
    <subfield code="a">SEACOMEC</subfield>
    <subfield code="b">SEACOMEC</subfield>
    <subfield code="d">2006-06-07</subfield>
    <subfield code="l">0</subfield>
    <subfield code="o">510.02462 R234</subfield>
    <subfield code="p">02336</subfield>
    <subfield code="r">2024-08-05 12:46:19</subfield>
    <subfield code="t">1</subfield>
    <subfield code="w">2024-08-05</subfield>
    <subfield code="y">BOOK</subfield>
  </datafield>
  <datafield tag="952" ind1=" " ind2=" ">
    <subfield code="0">0</subfield>
    <subfield code="1">0</subfield>
    <subfield code="2">ddc</subfield>
    <subfield code="4">0</subfield>
    <subfield code="7">0</subfield>
    <subfield code="a">SEACOMEC</subfield>
    <subfield code="b">SEACOMEC</subfield>
    <subfield code="d">2006-06-07</subfield>
    <subfield code="l">0</subfield>
    <subfield code="o">510.02462 R234</subfield>
    <subfield code="p">02337</subfield>
    <subfield code="r">2024-08-05 12:46:19</subfield>
    <subfield code="t">2</subfield>
    <subfield code="w">2024-08-05</subfield>
    <subfield code="y">BOOK</subfield>
  </datafield>
  <datafield tag="952" ind1=" " ind2=" ">
    <subfield code="0">0</subfield>
    <subfield code="1">0</subfield>
    <subfield code="2">ddc</subfield>
    <subfield code="4">0</subfield>
    <subfield code="7">0</subfield>
    <subfield code="a">SEACOMEC</subfield>
    <subfield code="b">SEACOMEC</subfield>
    <subfield code="d">2006-06-07</subfield>
    <subfield code="l">0</subfield>
    <subfield code="o">510.02462 R234</subfield>
    <subfield code="p">02338</subfield>
    <subfield code="r">2024-08-05 12:46:19</subfield>
    <subfield code="t">3</subfield>
    <subfield code="w">2024-08-05</subfield>
    <subfield code="y">BOOK</subfield>
  </datafield>
  <datafield tag="952" ind1=" " ind2=" ">
    <subfield code="0">0</subfield>
    <subfield code="1">0</subfield>
    <subfield code="2">ddc</subfield>
    <subfield code="4">0</subfield>
    <subfield code="7">0</subfield>
    <subfield code="a">SEACOMEC</subfield>
    <subfield code="b">SEACOMEC</subfield>
    <subfield code="d">2006-06-07</subfield>
    <subfield code="l">0</subfield>
    <subfield code="o">510.02462 R234</subfield>
    <subfield code="p">02339</subfield>
    <subfield code="r">2024-08-05 12:46:19</subfield>
    <subfield code="t">4</subfield>
    <subfield code="w">2024-08-05</subfield>
    <subfield code="y">BOOK</subfield>
  </datafield>
  <datafield tag="952" ind1=" " ind2=" ">
    <subfield code="0">0</subfield>
    <subfield code="1">0</subfield>
    <subfield code="2">ddc</subfield>
    <subfield code="4">0</subfield>
    <subfield code="7">0</subfield>
    <subfield code="a">SEACOMEC</subfield>
    <subfield code="b">SEACOMEC</subfield>
    <subfield code="d">2006-06-07</subfield>
    <subfield code="l">0</subfield>
    <subfield code="o">510.02462 R234</subfield>
    <subfield code="p">02340</subfield>
    <subfield code="r">2024-08-05 12:46:19</subfield>
    <subfield code="t">5</subfield>
    <subfield code="w">2024-08-05</subfield>
    <subfield code="y">BOOK</subfield>
  </datafield>
  <datafield tag="952" ind1=" " ind2=" ">
    <subfield code="0">0</subfield>
    <subfield code="1">0</subfield>
    <subfield code="2">ddc</subfield>
    <subfield code="4">0</subfield>
    <subfield code="7">0</subfield>
    <subfield code="a">SEACOMEC</subfield>
    <subfield code="b">SEACOMEC</subfield>
    <subfield code="d">2006-06-07</subfield>
    <subfield code="l">0</subfield>
    <subfield code="o">510.02462 R234</subfield>
    <subfield code="p">02341</subfield>
    <subfield code="r">2024-08-05 12:46:19</subfield>
    <subfield code="t">6</subfield>
    <subfield code="w">2024-08-05</subfield>
    <subfield code="y">BOOK</subfield>
  </datafield>
  <datafield tag="952" ind1=" " ind2=" ">
    <subfield code="0">0</subfield>
    <subfield code="1">0</subfield>
    <subfield code="2">ddc</subfield>
    <subfield code="4">0</subfield>
    <subfield code="7">0</subfield>
    <subfield code="a">SEACOMEC</subfield>
    <subfield code="b">SEACOMEC</subfield>
    <subfield code="d">2006-06-07</subfield>
    <subfield code="l">0</subfield>
    <subfield code="o">510.02462 R234</subfield>
    <subfield code="p">02342</subfield>
    <subfield code="r">2024-08-05 12:46:19</subfield>
    <subfield code="t">7</subfield>
    <subfield code="w">2024-08-05</subfield>
    <subfield code="y">BOOK</subfield>
  </datafield>
  <datafield tag="952" ind1=" " ind2=" ">
    <subfield code="0">0</subfield>
    <subfield code="1">0</subfield>
    <subfield code="2">ddc</subfield>
    <subfield code="4">0</subfield>
    <subfield code="7">0</subfield>
    <subfield code="a">SEACOMEC</subfield>
    <subfield code="b">SEACOMEC</subfield>
    <subfield code="d">2006-06-07</subfield>
    <subfield code="l">0</subfield>
    <subfield code="o">510.02462 R234</subfield>
    <subfield code="p">02343</subfield>
    <subfield code="r">2024-08-05 12:46:19</subfield>
    <subfield code="t">8</subfield>
    <subfield code="w">2024-08-05</subfield>
    <subfield code="y">BOOK</subfield>
  </datafield>
  <datafield tag="952" ind1=" " ind2=" ">
    <subfield code="0">0</subfield>
    <subfield code="1">0</subfield>
    <subfield code="2">ddc</subfield>
    <subfield code="4">0</subfield>
    <subfield code="7">0</subfield>
    <subfield code="a">SEACOMEC</subfield>
    <subfield code="b">SEACOMEC</subfield>
    <subfield code="d">2006-06-07</subfield>
    <subfield code="l">0</subfield>
    <subfield code="o">510.02462 R234</subfield>
    <subfield code="p">02344</subfield>
    <subfield code="r">2024-08-05 12:46:19</subfield>
    <subfield code="t">9</subfield>
    <subfield code="w">2024-08-05</subfield>
    <subfield code="y">BOOK</subfield>
  </datafield>
  <datafield tag="952" ind1=" " ind2=" ">
    <subfield code="0">0</subfield>
    <subfield code="1">0</subfield>
    <subfield code="2">ddc</subfield>
    <subfield code="4">0</subfield>
    <subfield code="7">0</subfield>
    <subfield code="a">SEACOMEC</subfield>
    <subfield code="b">SEACOMEC</subfield>
    <subfield code="d">2007-03-20</subfield>
    <subfield code="l">0</subfield>
    <subfield code="o">510.02462 R234</subfield>
    <subfield code="p">06429</subfield>
    <subfield code="r">2024-08-05 12:47:12</subfield>
    <subfield code="t">10</subfield>
    <subfield code="w">2024-08-05</subfield>
    <subfield code="y">BOOK</subfield>
  </datafield>
  <datafield tag="952" ind1=" " ind2=" ">
    <subfield code="0">0</subfield>
    <subfield code="1">0</subfield>
    <subfield code="2">ddc</subfield>
    <subfield code="4">0</subfield>
    <subfield code="7">0</subfield>
    <subfield code="a">SEACOMEC</subfield>
    <subfield code="b">SEACOMEC</subfield>
    <subfield code="d">2007-03-20</subfield>
    <subfield code="l">0</subfield>
    <subfield code="o">510.02462 R234</subfield>
    <subfield code="p">06430</subfield>
    <subfield code="r">2024-08-05 12:47:12</subfield>
    <subfield code="t">11</subfield>
    <subfield code="w">2024-08-05</subfield>
    <subfield code="y">BOOK</subfield>
  </datafield>
  <datafield tag="952" ind1=" " ind2=" ">
    <subfield code="0">0</subfield>
    <subfield code="1">0</subfield>
    <subfield code="2">ddc</subfield>
    <subfield code="4">0</subfield>
    <subfield code="7">0</subfield>
    <subfield code="a">SEACOMEC</subfield>
    <subfield code="b">SEACOMEC</subfield>
    <subfield code="d">2007-03-20</subfield>
    <subfield code="l">0</subfield>
    <subfield code="o">510.02462 R234</subfield>
    <subfield code="p">06431</subfield>
    <subfield code="r">2024-08-05 12:47:12</subfield>
    <subfield code="t">12</subfield>
    <subfield code="w">2024-08-05</subfield>
    <subfield code="y">BOOK</subfield>
  </datafield>
  <datafield tag="952" ind1=" " ind2=" ">
    <subfield code="0">0</subfield>
    <subfield code="1">0</subfield>
    <subfield code="2">ddc</subfield>
    <subfield code="4">0</subfield>
    <subfield code="7">0</subfield>
    <subfield code="a">SEACOMEC</subfield>
    <subfield code="b">SEACOMEC</subfield>
    <subfield code="d">2007-03-20</subfield>
    <subfield code="l">0</subfield>
    <subfield code="o">510.02462 R234</subfield>
    <subfield code="p">06432</subfield>
    <subfield code="r">2024-08-05 12:47:12</subfield>
    <subfield code="t">13</subfield>
    <subfield code="w">2024-08-05</subfield>
    <subfield code="y">BOOK</subfield>
  </datafield>
  <datafield tag="952" ind1=" " ind2=" ">
    <subfield code="0">0</subfield>
    <subfield code="1">0</subfield>
    <subfield code="2">ddc</subfield>
    <subfield code="4">0</subfield>
    <subfield code="7">0</subfield>
    <subfield code="a">SEACOMEC</subfield>
    <subfield code="b">SEACOMEC</subfield>
    <subfield code="d">2007-03-20</subfield>
    <subfield code="l">0</subfield>
    <subfield code="o">510.02462 R234</subfield>
    <subfield code="p">06433</subfield>
    <subfield code="r">2024-08-05 12:47:12</subfield>
    <subfield code="t">14</subfield>
    <subfield code="w">2024-08-05</subfield>
    <subfield code="y">BOOK</subfield>
  </datafield>
  <datafield tag="952" ind1=" " ind2=" ">
    <subfield code="0">0</subfield>
    <subfield code="1">0</subfield>
    <subfield code="2">ddc</subfield>
    <subfield code="4">0</subfield>
    <subfield code="7">0</subfield>
    <subfield code="a">SEACOMEC</subfield>
    <subfield code="b">SEACOMEC</subfield>
    <subfield code="d">2007-03-20</subfield>
    <subfield code="l">0</subfield>
    <subfield code="o">510.02462 R234</subfield>
    <subfield code="p">06434</subfield>
    <subfield code="r">2024-08-05 12:47:12</subfield>
    <subfield code="t">15</subfield>
    <subfield code="w">2024-08-05</subfield>
    <subfield code="y">BOOK</subfield>
  </datafield>
  <datafield tag="952" ind1=" " ind2=" ">
    <subfield code="0">0</subfield>
    <subfield code="1">0</subfield>
    <subfield code="2">ddc</subfield>
    <subfield code="4">0</subfield>
    <subfield code="7">0</subfield>
    <subfield code="a">SEACOMEC</subfield>
    <subfield code="b">SEACOMEC</subfield>
    <subfield code="d">2007-03-20</subfield>
    <subfield code="l">0</subfield>
    <subfield code="o">510.02462 R234</subfield>
    <subfield code="p">06435</subfield>
    <subfield code="r">2024-08-05 12:47:12</subfield>
    <subfield code="t">16</subfield>
    <subfield code="w">2024-08-05</subfield>
    <subfield code="y">BOOK</subfield>
  </datafield>
  <datafield tag="952" ind1=" " ind2=" ">
    <subfield code="0">0</subfield>
    <subfield code="1">0</subfield>
    <subfield code="2">ddc</subfield>
    <subfield code="4">0</subfield>
    <subfield code="7">0</subfield>
    <subfield code="a">SEACOMEC</subfield>
    <subfield code="b">SEACOMEC</subfield>
    <subfield code="d">2007-03-20</subfield>
    <subfield code="l">0</subfield>
    <subfield code="o">510.02462 R234</subfield>
    <subfield code="p">06436</subfield>
    <subfield code="r">2024-08-05 12:47:12</subfield>
    <subfield code="t">17</subfield>
    <subfield code="w">2024-08-05</subfield>
    <subfield code="y">BOOK</subfield>
  </datafield>
  <datafield tag="952" ind1=" " ind2=" ">
    <subfield code="0">0</subfield>
    <subfield code="1">0</subfield>
    <subfield code="2">ddc</subfield>
    <subfield code="4">0</subfield>
    <subfield code="7">0</subfield>
    <subfield code="a">SEACOMEC</subfield>
    <subfield code="b">SEACOMEC</subfield>
    <subfield code="d">2007-03-20</subfield>
    <subfield code="l">0</subfield>
    <subfield code="o">510.02462 R234</subfield>
    <subfield code="p">06437</subfield>
    <subfield code="r">2024-08-05 12:47:12</subfield>
    <subfield code="t">18</subfield>
    <subfield code="w">2024-08-05</subfield>
    <subfield code="y">BOOK</subfield>
  </datafield>
  <datafield tag="952" ind1=" " ind2=" ">
    <subfield code="0">0</subfield>
    <subfield code="1">0</subfield>
    <subfield code="2">ddc</subfield>
    <subfield code="4">0</subfield>
    <subfield code="7">0</subfield>
    <subfield code="a">SEACOMEC</subfield>
    <subfield code="b">SEACOMEC</subfield>
    <subfield code="d">2007-03-20</subfield>
    <subfield code="l">0</subfield>
    <subfield code="o">510.02462 R234</subfield>
    <subfield code="p">06438</subfield>
    <subfield code="r">2024-08-05 12:47:12</subfield>
    <subfield code="t">19</subfield>
    <subfield code="w">2024-08-05</subfield>
    <subfield code="y">BOOK</subfield>
  </datafield>
  <datafield tag="999" ind1=" " ind2=" ">
    <subfield code="c">1514</subfield>
    <subfield code="d">1514</subfield>
  </datafield>
</record>
